[Event "Nancy-A"]
[Site "Nancy"]
[Date "2014.03.09"]
[Round "9.1"]
[White "Brunner, Nicolas"]
[Black "Demuth, Adrien"]
[Result "1/2-1/2"]
[WhiteElo "2449"]
[BlackElo "2488"]
[PlyCount "91"]
[EventDate "2014.03.05"]

1. d4 Nf6 2. c4 g6 3. Nc3 d5 4. cxd5 Nxd5 5. e4 Nxc3 6. bxc3 Bg7 7. Be3 c5 8.
Qd2 Qa5 9. Rc1 cxd4 10. cxd4 Qxd2+ 11. Bxd2 O-O 12. Nf3 e6 13. Bb5 Nc6 14. Bxc6
bxc6 15. O-O Ba6 16. Rfe1 Bb5 17. Bb4 Rfd8 18. Bc5 Bf8 19. h4 Bxc5 20. Rxc5 Rd7
21. Kh2 Rb8 22. Rb1 Rb6 23. Kg3 Be2 24. Rxb6 axb6 25. Rxc6 Bxf3 26. Kxf3 Rxd4
27. Rxb6 Ra4 28. Rb2 f5 29. exf5 exf5 30. g3 Kg7 31. Ke3 Kh6 32. Kd2 f4 33. Ke2
fxg3 34. fxg3 Ra3 35. Kf2 g5 36. hxg5+ Kxg5 37. Kg2 h5 38. Kh2 Ra5 39. Kh3 Ra4
40. Rc2 Ra5 41. Kg2 Ra3 42. Rc5+ Kg4 43. Rc4+ Kg5 44. Rc5+ Kg4 45. Rc4+ Kg5 46.
Rc5+ 1/2-1/2

[Event "Nancy-A"]
[Site "Nancy"]
[Date "2014.03.09"]
[Round "9.2"]
[White "Donchenko, Alexander"]
[Black "Rindlisbacher, Lars"]
[Result "1/2-1/2"]
[WhiteElo "2463"]
[BlackElo "2320"]
[Annotator "SR"]
[PlyCount "94"]
[EventDate "2014.03.05"]

1. Nf3 c5 2. c4 Nc6 3. Nc3 e5 4. g3 g6 5. Bg2 Bg7 6. O-O Nge7 7. a3 d6 8. b4 e4
9. Ng5 h6 10. Ngxe4 f5 11. bxc5 fxe4 12. cxd6 Qxd6 13. Nxe4 Qc7 14. Rb1 O-O 15.
Bb2 Nf5 16. Bxg7 Qxg7 17. e3 b6 18. Qa4 Bd7 19. c5 Kh8 20. Rfc1 Rac8 21. Qa6
Be6 22. cxb6 axb6 23. Qxb6 Ba2 24. Ra1 (24. Rb5 $14) 24... Bd5 25. Rc3 Ne5 26.
Rac1 Nc4 27. Qb4 Qf7 28. Ng5 hxg5 29. Bxd5 Qxd5 30. Rxc4 Rb8 31. Qc3+ Ng7 32.
Rc7 Rf7 33. Rxf7 $2 (33. e4 $1 Qe6 34. Rxf7 Qxf7 35. d4 $16) 33... Qxf7 34. Qc7
Qb3 35. Qd6 Kh7 36. Qe5 (36. Rc6 Qb1+ 37. Kg2 Qe4+ 38. f3 Qe8 39. Qf6 $16)
36... g4 37. Qc3 (37. Qe4 $14) 37... Qd5 38. d4 Ne6 39. Qc4 Qf5 40. e4 Qxe4 41.
d5 Nd4 42. Qc7+ Kh6 43. Qxb8 Nf3+ 44. Kf1 Nxh2+ 45. Kg1 Nf3+ 46. Kf1 Nh2+ 47.
Kg1 Nf3+ {Dommage pour Donchenko qui était très proche de la norme de GM.}
1/2-1/2

[Event "Nancy-A"]
[Site "Nancy"]
[Date "2014.03.09"]
[Round "9.3"]
[White "Nezar, Mustapha"]
[Black "Genzling, Alain"]
[Result "1/2-1/2"]
[WhiteElo "2392"]
[BlackElo "2405"]
[PlyCount "75"]
[EventDate "2014.03.05"]

1. e4 c5 2. Nf3 Nc6 3. d4 cxd4 4. Nxd4 e5 5. Nb5 d6 6. c4 Be7 7. N1c3 a6 8. Na3
f5 9. exf5 Bxf5 10. Bd3 Be6 11. O-O Nf6 12. Bg5 O-O 13. Bxf6 gxf6 14. Nc2 f5
15. Ne3 e4 16. Be2 Bf6 17. Qd2 Nd4 18. Ncd5 Be5 19. f4 Bg7 20. Kh1 b5 21. Rad1
Rc8 22. b3 Kh8 23. Rc1 Nxe2 24. Qxe2 bxc4 25. Rxc4 Rxc4 26. Qxc4 Qa5 27. Qc6
Qxa2 28. Qxd6 Bg8 29. b4 Qe2 30. Rg1 Qd3 31. Rd1 Qa3 32. Rb1 Qd3 33. Re1 Qa3
34. h3 Rf7 35. Rd1 Bf8 36. Qe5+ Bg7 37. Qd6 Bf8 38. Qe5+ 1/2-1/2

[Event "Nancy-B"]
[Site "Nancy"]
[Date "2014.03.09"]
[Round "9.1"]
[White "Welling, Gerard"]
[Black "Camacho Collados, Jose"]
[Result "0-1"]
[WhiteElo "2339"]
[BlackElo "2393"]
[PlyCount "112"]
[EventDate "2014.03.05"]

1. d4 Nf6 2. Nf3 g6 3. Nbd2 d5 4. e3 Bg7 5. b4 O-O 6. c4 c6 7. Be2 Nbd7 8. Qc2
e5 9. dxe5 Ng4 10. cxd5 Ndxe5 11. Bb2 Nxf2 12. Kxf2 Ng4+ 13. Ke1 Nxe3 14. Qb3
Nxg2+ 15. Kf2 Bxb2 16. Qxb2 Re8 17. Qd4 Ne3 18. dxc6 Qe7 19. Rhe1 Nc2 20. Qc3
Nxe1 21. Rxe1 Qc7 22. cxb7 Qb6+ 23. Qc5 Bxb7 24. Nc4 Qf6 25. Ne3 Rad8 26. Rd1
Rxd1 27. Bxd1 Rd8 28. Qc2 h5 29. Be2 Re8 30. Qc4 Re4 31. Qc7 Re7 32. Qc5 Rd7
33. Qe5 Qd8 34. Bc4 Rd6 35. Ng5 Qf6+ 36. Qxf6 Rxf6+ 37. Ke2 Kg7 38. Bxf7 Rxf7
39. Nxf7 Kxf7 40. a4 Ke6 41. Nc4 g5 42. Ke3 Kd5 43. Nd2 Bc8 44. Ne4 Bb7 45.
Nxg5 Kc4 46. Kd2 Kxb4 47. Kc2 Kxa4 48. Nh3 Ka3 49. Kb1 Kb3 50. Nf4 h4 51. Ka1
Kb4 52. h3 Kc3 53. Ka2 Kd4 54. Kb2 Ke5 55. Ne2 Bg2 56. Ng1 Ke4 0-1

[Event "Nancy-B"]
[Site "Nancy"]
[Date "2014.03.09"]
[Round "9.2"]
[White "Ider, Borya"]
[Black "Nass, Emile"]
[Result "1/2-1/2"]
[WhiteElo "2379"]
[BlackElo "2233"]
[PlyCount "91"]
[EventDate "2014.03.05"]

1. c4 Nf6 2. Nf3 e6 3. g3 d5 4. d4 dxc4 5. Bg2 Nc6 6. Qa4 Bb4+ 7. Bd2 Nd5 8.
Bxb4 Ndxb4 9. O-O Rb8 10. Ne5 O-O 11. Nxc6 Nxc6 12. Bxc6 bxc6 13. Qxc4 Qd5 14.
Qxd5 cxd5 15. b3 Ba6 16. Rc1 Bxe2 17. Nc3 Bh5 18. Na4 Rfc8 19. Rc2 g5 20. Nc5
Rb4 21. Rd2 Bf3 22. Nd7 g4 23. Ne5 c5 24. Rc1 c4 25. Rc3 Kg7 26. Nxf3 gxf3 27.
Rxf3 c3 28. Rc2 Rxd4 29. Rcxc3 Rxc3 30. Rxc3 Rd2 31. a4 d4 32. Rc7 Rb2 33. Rxa7
Rxb3 34. Rd7 e5 35. f4 exf4 36. Rxd4 fxg3 37. Rg4+ Kf6 38. hxg3 h5 39. Rf4+ Kg5
40. Kg2 Ra3 41. Rb4 f5 42. Kh2 Ra1 43. Kg2 Ra3 44. Kh2 Ra1 45. Kg2 Ra3 46. Kh2
1/2-1/2

[Event "Nancy-B"]
[Site "Nancy"]
[Date "2014.03.09"]
[Round "9.3"]
[White "Adrian, Claude"]
[Black "Le Corre, Benjamin"]
[Result "0-1"]
[WhiteElo "2239"]
[BlackElo "2271"]
[PlyCount "94"]
[EventDate "2014.03.05"]

1. Nf3 Nf6 2. c4 g6 3. d4 Bg7 4. g3 O-O 5. Bg2 d6 6. O-O Nbd7 7. Qc2 c6 8. Nc3
Nb6 9. b3 d5 10. cxd5 Bf5 11. Qb2 Nbxd5 12. Rd1 Nxc3 13. Qxc3 Be4 14. Ba3 Nd5
15. Qd2 Qb6 16. Ne5 Bxg2 17. Kxg2 Qa6 18. Bb2 Rad8 19. e4 Nc7 20. Nc4 Rd7 21.
d5 f6 22. Qa5 Rfd8 23. Qxa6 Nxa6 24. Ne3 cxd5 25. Nxd5 Kf7 26. Ne3 Nc5 27. Rxd7
Rxd7 28. Kf3 Nxe4 29. Rd1 Rxd1 30. Nxd1 Nc5 31. Bd4 b6 32. Bxc5 bxc5 33. Ke4
Ke6 34. Kd3 f5 35. Kc4 Bd4 36. b4 Kd6 37. b5 e5 38. a4 g5 39. a5 f4 40. gxf4
exf4 41. f3 h6 42. Nc3 Bxc3 43. Kxc3 g4 44. fxg4 f3 45. Kd2 c4 46. h4 f2 47.
Ke2 c3 0-1

[Event "Nancy-B"]
[Site "Nancy"]
[Date "2014.03.09"]
[Round "9.4"]
[White "Barbot, Pierre"]
[Black "Bellahcene, Bilel"]
[Result "1/2-1/2"]
[WhiteElo "2413"]
[BlackElo "2284"]
[PlyCount "52"]
[EventDate "2014.03.05"]

1. d4 c6 2. c4 d5 3. Nf3 Nf6 4. Nc3 a6 5. cxd5 cxd5 6. Bf4 Nc6 7. e3 Bf5 8. Bd3
Bxd3 9. Qxd3 e6 10. O-O Bd6 11. Bxd6 Qxd6 12. Na4 Nd7 13. Rfd1 O-O 14. Ng5 f5
15. f4 Rfc8 16. Rac1 Nd8 17. Nf3 Rc7 18. Rc2 Rac8 19. Rdc1 Rxc2 20. Rxc2 Rxc2
21. Qxc2 Qc6 22. Qxc6 Nxc6 23. Ng5 Nd8 24. Nf3 Nc6 25. Ng5 Nd8 26. Nf3 Nc6
1/2-1/2

[Event "Nancy-B"]
[Site "Nancy"]
[Date "2014.03.09"]
[Round "9.5"]
[White "Ninov, Nikolai"]
[Black "Geller, Jakov"]
[Result "0-1"]
[WhiteElo "2472"]
[BlackElo "2548"]
[Annotator "SR"]
[PlyCount "86"]
[EventDate "2014.03.05"]

1. e4 c5 2. Nf3 d6 3. d4 cxd4 4. Nxd4 Nf6 5. Nc3 g6 6. Be3 Bg7 7. f3 Nc6 8. Qd2
O-O 9. O-O-O d5 10. exd5 Nxd5 11. Nxc6 bxc6 12. Nxd5 cxd5 13. Qxd5 Qc7 14. Qc5
Qb7 15. Bd4 Bf5 16. Bd3 Rfc8 17. Qa3 Bxd4 18. Bxf5 Rc3 $1 19. Be4 Qb6 20. bxc3
$2 (20. Qa4 $11) 20... Be3+ 21. Rd2 Rd8 22. Bd3 Rb8 23. Kd1 Bxd2 24. Qb3 (24.
Kxd2 Qf2+ 25. Be2 (25. Kc1 Qe3+ 26. Kd1 Rb1+ 27. Qc1 Rxc1#) 25... Rd8+ 26. Kc1
Qxe2) 24... Qd6 25. Kxd2 Qf4+ 26. Ke2 Qe5+ 27. Kf2 (27. Kd2 $2 Qg5+) 27... Rxb3
28. axb3 Qc5+ 29. Ke2 Qxc3 30. g4 h5 31. gxh5 Qe5+ 32. Kf2 Qxh5 33. h4 Qc5+ 34.
Kg2 Kg7 35. Ra1 f5 36. Ra6 Qe3 37. Ra4 Kh6 38. Ra1 Kh5 39. Rh1 e5 40. Rh3 Qd2+
41. Kf1 e4 42. fxe4 Kg4 43. Rh1 Kg3 0-1